000 00745nam a2200217Ii 4500
003 JO-AjNU
008 230605s9999||||xx |||||||||||||| ||und||
017 _a1990/2/88
040 _aJO-AjNU
_bara
_erda
_cJO-AjNU
041 _aara
050 1 4 _aHF5438.4.M3336.1990
100 3 _aخضر، محمود/فوزالدين سالم/محمد بدير,
_eauthor
_942377
245 0 0 _aادارة المبيعات
250 _aط1
264 3 1 _aعمان:دار الفكر للنشر والتوزيع؛1990
300 _a143ص
_bيحتوي على ببلوغرافية من ص139-143ص
336 _atext
_btxt
_2rdacontent
337 _aunmediated
_bn
_2rdamedia
338 _avolume
_bnc
_2rdacarrier
650 4 _aادارة المبيعات
_942378
999 _aA18141
_c21709
_d21709